Inverse Sturm-Liouville problems /
Guardado en:
| Autor Principal: | |
|---|---|
| Formato: | Libro |
| Idioma: | English Russian |
| Publicado: |
Utrecht, Netherlands :
VNU Science Press,
1987.
|
| Etiquetas: |
Agregar Etiqueta
Sin Etiquetas, Sea el primero en etiquetar este registro!
|
| LEADER | 00711nam a22002055a 4500 | ||
|---|---|---|---|
| 001 | MAT.inmabb003156 | ||
| 008 | 051029s1987####ne#######b####000#0#eng#d | ||
| 005 | 20150701164104.0 | ||
| 245 | 1 | 0 | |a Inverse Sturm-Liouville problems / |c B. M. Levitan ; translated by O. Efimov. |
| 260 | |a Utrecht, Netherlands : |b VNU Science Press, |c 1987. | ||
| 300 | |a x, 240 p. ; |c 25 cm. | ||
| 500 | |a Traducción de: Obratnye zadachi Shturma-Liuvillia. 1984. | ||
| 504 | |a Bibliografía: p. [236]-240. | ||
| 510 | 4 | |a MR, |c 89b:34001 | |
| 020 | |a 9067640557 | ||
| 100 | 1 | |a Levitan, Boris Moiseevich. | |
| 084 | |a 34-02 (34B25 35Q20 47E05 81F05) |2 MR | ||
| 084 | |a 34B24 |2 msc2000 | ||
| 041 | 1 | |a eng |h rus | |
| 859 | |h 34 |i L666i |p A-6150 |b BIB. MATEMATICA | ||
